Book to Main Character - Statistics

General Stats
  • This quiz has been taken 31 times
  • The average score is 5 of 19
Answer Stats
Book(s) Main Character % Correct
Harry Potter Harry Potter
100%
Percy Jackson and the Olympians Percy Jackson
93%
Lord of the Rings Frodo Baggins
72%
The Hunger Games Katniss Everdeen
69%
Twilight Bella Swan
62%
Carrie Carrie White
55%
Divergent Tris Prior
17%
The Trials of Apollo Apollo / Lester Papadopoulos
14%
The Inheritance Games Avery Grambs
14%
The Maze Runner Thomas
10%
The Selection America Singer
3%
The Mortal Instruments Clary Fray
3%
The Fault in Our Stars Hazel Grace Lancaster
3%
Powerless Paedyn Gray
3%
Dune Paul Atreides
3%
The Smuggler's Curse Red Read
3%
Keeper of the Lost Cities Sophie Foster
3%
Once Upon a Broken Heart Evangeline Fox
0%
The Sky Fall Saga Vane Weston
0%
No matching quizzes found
Score Distribution
Percent of People with Each Score
Percentile by Number Answered
Your Score History
You have not taken this quiz